| 000 | 02201nam a2200241Ia 4500 | ||
|---|---|---|---|
| 003 | Ost | ||
| 005 | 20260507075731.0 | ||
| 008 | 260507s9999||||xx |||||||||||||| ||und|| | ||
| 040 | _cfsecg | ||
| 041 | _aara | ||
| 082 | _a332.642 | ||
| 100 |
_aزويل، محمود امين _eمؤلف |
||
| 245 | 0 |
_aبورصة الاوراق المالية : _bموقعها من الاسواق - احوالها ومستقبلها / _c محمود امين زويل |
|
| 260 |
_aالاسكندرية: _bدار الوفاء لدنيا الطباعة والنشر, _c2000 |
||
| 300 |
_a139 صفحة؛ _c24 سم |
||
| 490 | _aسلسلة كتب ومهارات علم نفسك بنفسك | ||
| 504 | _aبيبليوغرافيا ص.137-139 | ||
| 520 | _aهذا الكتاب يعرض مفهوم البورصة كسوث مال والفرق بينها وسوق النقد وأنواع الصكوك موضع التعامل في البورصة ، ومعنى المضاربة وأنواعها وأهدافها وكيفية تكوين محفظة أوراق مالية متوازنة وادارة محافظ الاوراق المالية ويعرض المؤثرات وكيفية اعدادها ومعناها مع الاشارة إلى مؤشرات البورصة المصرية والمؤشرات البورصات عالية الكفاءة مثل بورصات لندن وباريس وطوكيو ونيويورك ويتعرض لاسواق المستقبليات forward markets بنوعيها عقود الخيارات option العقود الملزمة future في تلك الاسواق ، كما يعرض الكتاب المؤثرات على أسعار البورصة ويشرح أسباب هبوط أسعار البورصة في مصر كما يعرج على سبل الارتفاع بمستوى كفاءة البورصة المصرية ومستقبل البورصة المصري في ظل العولمة مع الاشارة إلى البورصة الاوروبية المتحدة وصناديق الاستثمار العالمية وانعكاساتها على البورصة المصرية . | ||
| 653 | _aالاسهم | ||
| 653 | _aالاوراق المالية | ||
| 653 | _aالبورصات | ||
| 942 | _cكتاب | ||
| 999 |
_c46032 _d46032 |
||